[Event "EU-Cup (Women) 16th"]
[Site "Rogaska Slatina"]
[Date "2011.10.01"]
[Round "7.1"]
[White "Hou, Yifan"]
[Black "Dzagnidze, Nana"]
[Result "1-0"]
[WhiteElo "2578"]
[BlackElo "2525"]
[Annotator "Mikhalchishin,A"]
[PlyCount "57"]
[EventDate "2011.09.25"]
[EventType "team-swiss"]
[EventRounds "7"]
[EventCountry "SLO"]
[SourceTitle "CBM 144 Extra"]
[Source "ChessBase"]
[SourceDate "2011.10.28"]
[SourceVersion "1"]
[SourceVersionDate "2011.10.28"]
[SourceQuality "1"]
[WhiteTeam "Monte Carlo (W)"]
[BlackTeam "Timisoara (W)"]
[WhiteTeamCountry "MNC"]
[BlackTeamCountry "ROU"]

1. e4 c5 2. Nf3 d6 3. d4 cxd4 4. Nxd4 Nf6 5. Nc3 a6 6. f4 {Hou Yifan likes
this old fashioned (but not bad!) move and she has played it a lot, but I am
sure, that she'll play something new against Koneru.} e5 ({One of the top men
did not fully equalise in the following game,} 6... Nc6 7. Nf3 Bg4 8. Be3 g6 9.
h3 Bxf3 10. Qxf3 Bg7 11. Bc4 O-O 12. O-O Nd7 13. Rad1 Na5 14. Bb3 Rc8 15. e5
Nxb3 16. axb3 Rc6 17. exd6 exd6 18. Bd4 Bxd4+ 19. Rxd4 Nf6 20. Kh1 d5 21. Rfd1
Qe7 22. Qf2 Rfc8 23. f5 Ne4 24. Qe3 Rxc3 $2 25. bxc3 Rxc3 26. R1d3 Rxc2 27.
Rxd5 Re2 28. Qd4 $1 Nf6 29. Rd8+ Kg7 30. fxg6 hxg6 31. Qd6 {1-0 Hou Yifan 
(2509)-Sutovsky,E (2629)/Moscow 2007}) 7. Nf3 Nbd7 8. a4 Be7 9. Bc4 {She has
started to play this just recently, before she preferred another development:}
(9. Bd3 O-O 10. O-O Nc5 ({It is possible to be principled and to accept the
pawn sacrifice} 10... exf4 11. Bxf4 Qb6+ 12. Kh1 Qxb2 13. Nd5 Nxd5 14. exd5 Nc5
15. Qe2 (15. Bxh7+ Kxh7 16. Qe2 Bf6 17. Bxd6 Bf5 18. Bxc5 Rfe8 19. Qf2 Qxc2 20.
Bd4 $11) 15... Nxd3 16. Qxd3 Qb4 (16... Qb6 17. Rae1 Qd8 18. Qe4 Bf6 19. Qb4 a5
20. Qa3 Ra6 21. Nd2 Bg5 22. Qe3 Bxf4 23. Qxf4 Bd7 24. Re3 f5 25. Rfe1 Qf6 26.
h3 h6 27. Rb1 Bc8 28. Qc4 Kh7 {1-0 Hou Yifan (2488)-Tairova,E (2397)/Ergun
2006. With an unclear position.}) 17. c4 Re8 18. Nd2 Bf6 19. Rac1 Bb2 20. Rce1
Bd7 21. Rb1 Qc3 22. Qxc3 Bxc3 23. Rxb7 Bxa4 24. Nb1 Bf6 25. Bxd6 Bc2 26. Nd2
Bd3 27. Rd1 Be2 28. Rdb1 Bc3 29. Bb4 Bxd2 30. Bxd2 Bxc4 31. d6 {1/2 Hou Yifan 
(2523)-Zhu Chen (2522)/Krasnoturinsk 2007. White has compensation for the pawn,
but no more than that, despite the d6-pawn looking dangerous.}) 11. Kh1 exf4 ({
There is a very interesting pawn counterstrike:} 11... d5 12. Nxe5 Ncxe4 (12...
dxe4 13. Be2 Ne6 14. Be3 Bc5 15. Bxc5 Nxc5 16. Qe1 b6 17. b4 Ne6 18. Rd1 Qc7
19. Ng4 Nxg4 20. Nd5 Qxc2 21. Bxg4 Bb7 {With an unclear position in 1-0 Hou
Yifan (2298)-Gu Xiaobing (2371)/Wuxi 2006.}) 13. Bxe4 (13. Nxe4 dxe4 14. Bc4
Qxd1 15. Rxd1 Ng4 16. Nxg4 Bxg4 17. Re1 Rfd8 18. Be3 Rac8 19. Bb3 Bh4 20. g3
Be7 21. Kg1 Kf8 22. Kf2 Rc6 23. Rac1 b5 24. axb5 axb5 25. Ra1 f5 (25... Be6 $1)
26. Ra7 Bd1 {1-0 Hou Yifan (2298)-Majdan,J (2297)/Turin 2006. Black had
counterplay in the endgame.}) 13... dxe4 14. Qe2 Bf5 15. g4 Bc8 16. Rd1 Qe8 17.
g5 Nd7 18. Nc4 f6 19. Nd5 fxg5 20. fxg5 b5 $2 (20... Bc5) 21. axb5 e3 22. Bxe3
Bxg5 23. Nd6 {1/2 Hou Yifan (2527)-Najer,E (2634)/Moscow 2008. She got a
completely winning position, but did not manage to win.}) 12. Bxf4 Bg4 13. Be3
Rc8 14. Qd2 Re8 (14... Bh5 15. Nd4 Bg6 16. Nf5 Bxf5 17. Rxf5 g6 18. Rf3 Ng4 19.
Nd5 Nxe3 20. Qxe3 Bg5 21. Qd4 Nd7 22. Raf1 Ne5 23. Rg3 f6 24. c3 Kg7 25. Bc2
Rc4 26. Qd1 h5 27. h4 $1 Bxh4 28. Nf4 Bxg3 29. Ne6+ $18 {1-0 Hou Yifan (2298)
-Fakhiridou,E (2292)/Turin 2006}) 15. Bd4 Bh5 16. Rae1 Bg6 17. b4 Ne6 18. Bxf6
Bxf6 19. Nd5 Bh4 (19... Nd4 {is stronger}) 20. Rd1 Bh5 21. a5 Bf6 22. Qf2 Ng5
23. Nxg5 Bxg5 24. Rb1 Bg6 25. Qd4 {1/2 Hou Yifan (2557)-Nguyen Huynh Minh Huy 
(2477)/Budapest 2008. White remains perfectly placed, but there are no serious
threats.}) 9... O-O ({A fashionable move in the 80s was} 9... Qa5 10. Bd2 exf4
11. Nd5 Qd8 (11... Qc5 $11) 12. Bxf4 Nxd5 13. Bxd5 Nf6 14. a5 O-O 15. O-O Qc7
16. Qd3 Nxd5 17. exd5 Bg4 18. c4 Bh5 19. b4 Bg6 20. Qb3 Rac8 21. Rac1 b6 $6 (
21... Qd7) 22. axb6 Qxb6+ 23. Be3 Qb7 24. Nd4 Rfe8 25. Nc6 {1/2 Mikhalchishin,
A-Georgadze,T Lviv 1982. With solid advantage for White because of his
powerful c6-knight.}) 10. O-O b6 (10... Qb6+ 11. Kh1 exf4 12. a5 Qc5 13. Bb3
Ne5 14. Bxf4 Ng6 15. Bg3 Bg4 16. Qd2 (16. Qd3 Rac8 17. h3 Bd7 18. Rfd1 {
is better}) 16... Rae8 17. h3 Bd7 18. Qd4 Bc6 19. Qd3 Nh5 20. Bf2 Qb4 21. Nd4 {
1/2 Hou Yifan (2578)-Ju Wenjun (2536)/Shenzhen 2011. She obtained an advantage,
but did not manage to convert it into a full point.}) 11. Kh1 Bb7 12. Qe2 h6 $6
{A provocative move, which weakens the position of Black's own king.} ({
More logical is the development of counterplay in the c-file:} 12... Qc7 13.
fxe5 dxe5 14. Bg5 h6 (14... Rfc8 $142) 15. Bxf6 Nxf6 16. Nh4 Nxe4 17. Ng6 Nxc3
18. bxc3 Bxg2+ $2 (18... Rac8 {led to very unclear play:} 19. Ba2 e4) 19. Qxg2
Qxc4 20. Nxe7+ {1-0 Mamedyarov,S (2717)-Meyer,J (2093)/Mainz 2009}) 13. Nh4 $1
Nxe4 ({A very tense position would arise after} 13... Re8 14. Nf5 Bf8 15. Be3
exf4 16. Rxf4 g6 17. Ng3 Bg7 18. Raf1 Ne5) 14. Nf5 $5 {White dreams are all
about an attack.} ({It was also possible to play a positional move with huge
compensation for the sacrificed pawn:} 14. Nxe4 Bxe4 15. Qxe4 Bxh4 16. fxe5
Nxe5 17. Bd5 Rc8 18. Be3) 14... Nef6 15. fxe5 ({Hou did not sacrifice a pawn
so as to try to win it back by attacking d6, as recommended by different
computer programmes.} 15. Rd1) (15. Qd3) 15... Nxe5 16. Bf4 Qc7 17. Bb3 Rae8
18. Qd2 $5 ({Generally speaking it was useful to bring the last undeveloped
piece to the centre:} 18. Rae1 {but then Black would attack her opponent's
most important piece - the f5-knight:} Bc8) 18... Nh7 ({Now attacking the
knight would not be successful:} 18... Bc8 19. Nxh6+ (19. Nxh6+ gxh6 20. Bxe5
dxe5) 19... gxh6 20. Bxe5 dxe5 21. Qxh6 Qd6 22. Rad1) ({Or} 18... Ne4 19. Nxe4
Bxe4 20. Bxh6 Bxf5 21. Rxf5 {with unpleasant threats.}) 19. Bxh6 $6 {
Continuing the same nervous and aggressive play. It was more logical to
complete her development by} (19. Rad1) 19... gxh6 20. Qxh6 Bf6 21. Rf4 Bc8 $4
({Black was winning here if she had brought her rook to the g-file:} 21... Kh8
22. Rh4 Bxg2+ $1 23. Kxg2 (23. Kg1 Nf3+ 24. Kxg2 Nxh4+ 25. Nxh4 Bxc3 26. bxc3
Rg8+)) 22. Ne4 Qd8 (22... Bxf5 {led to an immediate loss:} 23. Nxf6+ Nxf6 24.
Rxf5) 23. Nexd6 ({Another possible way was} 23. Nfxd6 Ng4 24. Rxg4+ Bxg4 25.
Nxf7 Rxf7 26. Bxf7+ Kxf7 27. Qxh7+ Kf8 28. Rf1) 23... Bxf5 24. Nxf5 Re6 25. Rh4
$1 {With two rook moves Hou destroys Black's defence.} Ng5 26. Rh5 Qd2 27. Ne7+
Rxe7 28. Qxf6 Nh7 29. Qf5 1-0

[Event "Olympiad-31"]
[Site "Moscow"]
[Date "1994.12.08"]
[Round "7.2"]
[White "Smirin, Ilia"]
[Black "Kengis, Edvins"]
[Result "1/2-1/2"]
[WhiteElo "2615"]
[BlackElo "2580"]
[Annotator "Moiseev,V"]
[PlyCount "64"]
[EventDate "1994.12.01"]
[EventType "team-swiss"]
[EventRounds "14"]
[EventCountry "RUS"]
[SourceTitle "CBM 045"]
[Source "ChessBase"]
[SourceDate "1995.04.01"]
[SourceVersion "1"]
[SourceVersionDate "1995.04.01"]
[SourceQuality "1"]
[WhiteTeam "Israel"]
[BlackTeam "Latvia"]
[WhiteTeamCountry "ISR"]
[BlackTeamCountry "LAT"]

1. e4 c5 2. Nf3 d6 3. d4 cxd4 4. Nxd4 Nf6 5. Nc3 a6 6. f4 e5 7. Nf3 Nbd7 8. Bc4
Be7 (8... b5 $5) 9. a4 Qa5 10. Bd2 $6 (10. Qe2 b5 11. Ba2) 10... exf4 11. Qe2
O-O (11... Ne5 12. Bb3 Qc7 $6 (12... Nxf3+ $5) (12... O-O $5) 13. Bxf4 Be6 14.
Nd4 Bxb3 15. cxb3 O-O 16. Nf5 Rfe8 17. O-O $16 {Dvoirys,S-Pigusov,E/RUS-ch/
1992/1:0/35/}) 12. O-O (12. Nd5 Qd8 13. Bxf4 Nxd5 14. Bxd5 Nf6 15. Bb3 Qa5+ 16.
Bd2 Qc5 17. Bc3 Bd7 18. Rd1 Bc6 19. Rd4 Rae8 $15 {Lanc,A-Novikov,I/Poznan/1985/
0:1/31/}) 12... Ne5 13. Bb3 Be6 14. Bxf4 Nxf3+ 15. Qxf3 Bxb3 16. cxb3 Rae8 $1 (
16... Qb6+ 17. Kh1 Qxb3 $4 18. Nd5 $18) 17. Kh1 Qb4 $15 18. Qd1 (18. Bg5 $2
Qxb3 19. Bxf6 Bxf6 20. Nd5 Qxf3 $17) 18... Nxe4 19. Nd5 Qa5 20. Be3 (20. Qd4 $5
) 20... Bg5 21. b4 (21. Bb6 Qd2 $17) 21... Qd8 22. Bd4 Re6 23. Qg4 h5 $1 24.
Qh3 (24. Qxh5 $4 Ng3+ $1 25. hxg3 Rh6 $19) 24... Qc8 25. Nc3 Nxc3 $6 (25... Qc4
$5 26. Nxe4 Rxe4 27. Bc3 g6 $17) 26. bxc3 g6 27. Qd3 Rfe8 28. b5 Bh6 (28...
axb5 29. Qxb5 Be3 $15) 29. Qf3 Qd7 30. bxa6 bxa6 31. Rab1 d5 32. c4 Rd6 (32...
Rd6 33. cxd5 Rxd5 34. Ba1 $15) 1/2-1/2

[Event "URS-ch45 First League"]
[Site "Baku"]
[Date "1977.??.??"]
[Round "3"]
[White "Tseshkovsky, Vitaly"]
[Black "Petrushin, Alexander I"]
[Result "1/2-1/2"]
[WhiteElo "2590"]
[BlackElo "2345"]
[Annotator "Moiseev,V"]
[PlyCount "116"]
[EventDate "1977.??.??"]
[EventType "tourn"]
[EventRounds "17"]
[EventCountry "URS"]
[EventCategory "10"]
[SourceTitle "MCL"]
[Source "ChessBase"]
[SourceDate "1999.07.01"]
[SourceVersion "1"]
[SourceVersionDate "1999.07.01"]
[SourceQuality "1"]

1. e4 c5 2. Nf3 d6 3. d4 cxd4 4. Nxd4 Nf6 5. Nc3 a6 6. f4 Nc6 7. Be2 (7. a4 Bg4
8. Nf3 e6 9. Be2 Qb6 10. h3 Bxf3 11. Bxf3 d5 12. e5 Nd7 13. h4 Bb4 14. Kf1 Ne7
15. Rh3 Bxc3 16. bxc3 Rc8 17. Bd2 Nc5 $15 {Arnasson,J-Gutman,L/Grindavik/1984/
Inf 38/361/}) (7. Nxc6 $5 bxc6 8. e5 Nd7 (8... Bg4 $6 9. Be2 Bxe2 10. Qxe2 $16
{De Greiff,B-Cardoso,Ro/Portoroz(izt)/1958/0:1/ (31)}) 9. Bc4 (9. exd6 exd6 10.
Qf3 d5 11. Bd2 Bd6 12. O-O-O O-O 13. g4 Bb7 (13... Rb8 $5 $13 {Boudy/}) 14. Rg1
Re8 15. g5 f5 16. g6 $16 {Boudy,J-Szabo,L/Varna/1979/1:0/ (75) Inf 27/452/})
9... Nb6 (9... dxe5 10. O-O e6 11. Ne4 Be7 12. Nd6+ Bxd6 13. Qxd6 Nb6 14. Qxd8+
Kxd8 15. Bb3 exf4 16. Bxf4 Ke7 17. Rad1 Nd5 18. Bd2 $16 {Geller,E-Taimanov,M/
URS(ch)/1949/}) 10. Bd3 e6 11. exd6 Bxd6 12. O-O O-O 13. Ne4 Be7 14. Qe2 Nd5
$14 {Foltys,J-Reshevsky,S/Amsterdam/1950/}) 7... Qb6 8. Nb3 e6 9. Bf3 Be7 10.
Qe2 O-O 11. Be3 Qc7 12. g4 (12. a4 $5 $14) 12... b5 13. g5 Nd7 14. h4 b4 15.
Nd1 (15. Na4 $2 a5 $19 {/\ Bc8-a6-b5}) 15... a5 16. Qg2 Nb6 17. Nd2 d5 $1 18.
e5 (18. exd5 $2 exd5 19. Bxd5 Nxd5 20. Qxd5 Bb7 $19) 18... Bb7 19. Qg4 $6 Rad8
20. h5 (20. g6 hxg6 21. h5 g5 22. h6 g6 $17) 20... Nc4 $1 21. Nxc4 dxc4 22. Qg2
(22. g6 $142 f5 23. gxh7+ Kh8 24. Qg2) 22... Rd7 23. O-O Rfd8 24. Nf2 Nd4 25.
Bxd4 Bxf3 26. Qxf3 Rxd4 27. Ne4 Kf8 (27... Qd7 $142 {/\ Qd7-d5}) 28. Rae1 a4
29. Kh1 (29. g6 $5) 29... g6 30. Rf2 b3 31. axb3 axb3 32. c3 Rd3 33. Qg4 Qc6
34. hxg6 hxg6 35. Qh4 Ke8 36. Rg2 Ra8 37. Qh7 Bf8 38. Kh2 (38. Qg8 Rad8 39.
Nd6+ R8xd6 40. exd6 Rh3+ 41. Kg1 Qc5+ 42. Rf2 Qxd6 $15) 38... Rad8 39. f5 $1
exf5 (39... gxf5 $4 40. Nf6+ Ke7 41. g6 $18) 40. e6 Qc7+ $8 41. Ng3 f4 42. Ne4
f3+ 43. Rg3 f2 44. Rf1 (44. Nf6+ Ke7 45. Qxf7+ Kd6 46. Rf1 (46. Ne4+ Kc6 47.
Qxf2 Bd6 $1 48. Nxd6 Qxd6) 46... Qxf7 47. exf7 Ke6 $10) 44... Rxg3 45. Nf6+ Ke7
46. Qxf7+ Kd6 47. Ne4+ Kc6 48. Qxc7+ Kxc7 49. Kxg3 Re8 50. Rxf2 Rxe6 51. Nd2 (
51. Rxf8 Rxe4 $10) 51... Be7 52. Nxc4 Bxg5 53. Rf7+ Kc8 54. Ra7 Bc1 55. Ra8+
Kc7 56. Ra7+ Kc8 57. Kf3 Rc6 58. Ra4 Bxb2 $1 1/2-1/2

[Event "URS U26-ch"]
[Site "Jurmala"]
[Date "1983.02.03"]
[Round "6"]
[White "Gavrikov, Viktor"]
[Black "Kengis, Edvins"]
[Result "1-0"]
[WhiteElo "2470"]
[BlackElo "2460"]
[Annotator "Notkin,M"]
[PlyCount "89"]
[EventDate "1983.01.27"]
[EventType "tourn"]
[EventRounds "15"]
[EventCountry "URS"]
[EventCategory "8"]
[SourceTitle "MCL"]
[Source "ChessBase"]
[SourceDate "1999.07.01"]
[SourceVersion "1"]
[SourceVersionDate "1999.07.01"]
[SourceQuality "1"]

1. e4 c5 2. Nf3 d6 3. d4 cxd4 4. Nxd4 Nf6 5. Nc3 a6 6. f4 Nbd7 7. a4 g6 8. Nf3
(8. Bd3 $5) (8. Be2) 8... Bg7 9. Bc4 O-O $6 (9... Qc7 $5 10. Bxf7+ $2 (10. Bb3)
(10. Qe2 $13) 10... Kxf7 11. Ng5+ Ke8 $1 (11... Kg8 12. Nd5 Qd8 $8 13. Ne6 Qe8
14. Nec7 $16) 12. Nd5 (12. Ne6 Qc4 $19) 12... Qc6 13. Ne6 Nxe4 $1 14. Nec7+ Kf7
15. Nxa8 e6 $19) 10. e5 $1 (10. Qe2 e6 11. O-O Qc7 12. Kh1 d5 13. exd5 Nb6 14.
Bb3 Nbxd5 15. Nxd5 exd5 16. Ne5 Bf5 17. Be3 Nd7 18. Bd4 Rae8 19. Bxd5 {Sax,
G-Gelfand,B/Manila(ol)/1990/0,5 (19)}) 10... dxe5 11. fxe5 Ng4 (11... Nh5 12.
Qe2 $16) 12. e6 Qb6 13. Qe2 Nde5 14. Nxe5 Nxe5 15. exf7+ Kh8 16. Bb3 Bg4 $2 (
16... Be6 $6 17. Bf4 $1 Bxb3 18. Bxe5 Bxf7 19. O-O-O) (16... Nxf7 17. Be3 (17.
Qe3 Qb4 18. O-O) 17... Qb4 18. O-O Bg4 $10) 17. Qe3 Qxe3+ (17... Qd6 18. O-O $1
Nf3+ 19. gxf3 Bd4 20. fxg4 Bxe3+ 21. Bxe3 $16) 18. Bxe3 Nxf7 19. h3 Bd7 20.
O-O-O Bc6 21. Nd5 Bh6 (21... e5 22. Nb6 $16) 22. Rhe1 $1 Rad8 (22... Bxe3+ 23.
Rxe3 e5 24. g4 $16) 23. Bxh6 Nxh6 24. Rxe7 Nf5 25. Re5 Rfe8 26. Rxe8+ Rxe8 27.
g4 Nh4 (27... Ne3 28. Re1) 28. Rd3 $1 g5 29. Kd2 Rf8 (29... Ng6 $142) 30. Ne7
Bg2 31. Bd5 $1 Bf1 32. Re3 b6 (32... Rd8 33. Kc3 Rd7 34. Kd4) 33. c4 a5 34. Kc3
Rf2 35. Nc8 Ng6 36. Nxb6 Nf4 37. Nd7 Ne2+ (37... Bxh3 38. Re8+ Kg7 39. Re7+ Kh8
(39... Kh6 40. Be4 Ng6 41. Bxg6 $18) 40. Ne5 $18) 38. Kb3 Nd4+ 39. Ka2 Nc2 40.
Re8+ Kg7 41. Rg8+ Kh6 42. h4 $1 Nb4+ 43. Kb3 Bxc4+ 44. Kxc4 (44. Bxc4 $2 Rf3+
45. Bd3 Rxd3+ 46. Kc4 Rd5 $1) 44... Rf4+ 45. Kb5 1-0

[Event "OHRA-A"]
[Site "Brussels"]
[Date "1986.12.??"]
[Round "7"]
[White "Nunn, John DM"]
[Black "Portisch, Lajos"]
[Result "1-0"]
[WhiteElo "2590"]
[BlackElo "2605"]
[Annotator "Nunn,J"]
[PlyCount "75"]
[EventDate "1986.12.??"]
[EventType "tourn"]
[EventRounds "10"]
[EventCountry "BEL"]
[EventCategory "16"]
[SourceTitle "CBM 001"]
[Source "ChessBase"]
[SourceDate "2004.01.01"]
[SourceVersion "1"]
[SourceVersionDate "2004.01.01"]
[SourceQuality "1"]

1. e4 c5 2. Nf3 d6 3. d4 cxd4 4. Nxd4 Nf6 5. Nc3 a6 6. f4 e5 7. Nf3 Nbd7 8. a4
Be7 9. Bd3 O-O 10. O-O Nc5 11. Kh1 Qc7 {Surprisingly Portisch avoids the
theoretically critical lines starting with 11...d5. Instead he adopts a move
which appears less logical, in that Black's whole system with ...Nbd7 is
designed to avoid committing the queen to c7.} (11... d5 12. Nxe5 (12. fxe5)
12... Ncxe4 (12... Nfxe4)) 12. Qe1 {[%cal Rf4e5,Ye1g3] With the threat of 13.
fxe5 dxe5 14.Qg3 and Black has no decent way to defend the e5 pawn.} Be6 {
A risky move, because it encourages White to advance his kingside pawns.} 13.
f5 Bd7 14. g4 Bc6 {Now 15...d5 is a threat so White must play g5 at once.} (
14... Nxg4 $2 {fails to} 15. Nd5 Qd8 16. Rg1 {with a winning attack:} Nf6 17.
Bh6 Nxd5 (17... Ne8 $2 18. Rxg7+ Nxg7 19. Qg3 Bf6 20. Bxg7 Bxg7 21. Rg1 {
with mate in 3.}) 18. Bxg7 Nf4 19. f6 $143 $6 (19. Bc4 $142 $1 Ng6 20. fxg6 $1
(20. Bxf8 $143 Kxf8 21. fxg6 hxg6 22. Qe3 $16 {/ +-}) 20... hxg6 (20... Kxg7
$143 21. gxf7+ Kh8 22. Rg8+) 21. Rxg6 $18) 19... Ng6 20. fxe7 Qxe7 21. Bxf8 $16
) 15. g5 Nh5 {By playing ...Nh5 followed by ...g6 Black blocks the g-file and
slows down White's attack.} 16. f6 Bd8 ({Not} 16... gxf6 $2 17. Qh4 {and wins.}
f5 18. exf5 $18) 17. Qh4 g6 18. Be3 {[%cal Re3c5,Yd3c4] Now there is a
positional threat of Bxc5 followed by Bc4, when White occupies the weak d5
square. Black's main problem is the bishop at d8, which cuts off his rooks and
generally gets in the way.} Nxd3 19. cxd3 Kh8 {A good move. The only way White
can remove the h5 knight is by Ne2-g3, when Black will just sacrifice the pawn
at h5. With the king on h8 White doesn't threaten Qh6, so Black will have an
extra tempo to develop counterplay.} 20. Ne2 d5 {The most natural move, but it
turns out that it seriously weakens e5 and this compensates for the White
weakness created at e4.} (20... Qd7 $1 {would have kept Black well in the game.
}) 21. Ng3 dxe4 22. dxe4 Qd6 {Black wants to attack e4 by ...Qb4 or ...Qd3.
Needless to say, Black cannot consider taking on g3 as the pawn recapture
would give White a mating attack down the h-file.} 23. Rad1 Qb4 (23... Qe6 24.
Bc5 Rg8 25. Bd6 {is also very good for White.}) 24. Nxe5 Nxg3+ 25. hxg3 Qxe4+ {
It seems that by exchanging queens Black brings White's attack to a dead halt,
but in fact the attack persists into the endgame.} 26. Qxe4 Bxe4+ 27. Kh2 Bc7 {
There was nothing better. Other moves are also met by Bc5 or R d7, e.g.:} (
27... Rc8 28. Rd7 Kg8 29. Ng4 {[%cal Yg4h6] followed by Nh6+ winning the f7
pawn with check.}) ({Or} 27... Kg8 28. Bc5 Re8 29. Ng4 $142 $1 (29. Nxf7 $6
Kxf7 30. Rd7+ Ke6 31. f7 Rf8 (31... Kxd7 $2 32. Rd1+) 32. Rd4 Rxf7 33. Rd6+ Ke5
34. Rxf7 Bxg5 $16) 29... h5 30. Nh6+ Kh7 31. Nxf7 $18) 28. Bc5 {This leads to
a forced win of material.} Bxe5 29. Bxf8 Rxf8 30. Rfe1 Bc2 ({Black cannot play
} 30... Re8 31. Rxe4 Bxg3+ {because of the back rank mate.}) ({Or} 30... Bf3
31. Rd3 Re8 32. Rxe5 $1) 31. Rd2 Bxa4 (31... Bxg3+ $2 {attempting to get two
pawns for the exchange fails to} 32. Kxg3 Bxa4 33. Rd7 {[%csl Rb7,Rf7][%cal
Yd7b7,Yd7f7] with the twin threats of Rxb7 and Rxf7.}) 32. Rxe5 h6 {Otherwise
White plays g4, preventing ...h6, and then continues Kg3-f4 and R e3-d3-d8
exposing the back rank.} 33. gxh6 Kh7 34. g4 Kxh6 35. g5+ Kh7 (35... Kh5 $2 36.
Kg3 {[%cal Rd2h2] leads to mate by R h2.}) 36. Re4 Bc6 37. Rh4+ Kg8 38. Kg3 {
Preventing the only defence by ...Bf3-h5 and ensuring that Black will be mated
by R dh2 and R h8.} 1-0

[Event "Munich SKA"]
[Site "Munich"]
[Date "1991.05.11"]
[Round "7"]
[White "Polgar, Judit"]
[Black "Gelfand, Boris"]
[Result "1/2-1/2"]
[WhiteElo "2540"]
[BlackElo "2700"]
[Annotator "Polgar,J"]
[PlyCount "102"]
[EventDate "1991.05.04"]
[EventType "tourn"]
[EventRounds "13"]
[EventCountry "GER"]
[EventCategory "14"]
[SourceTitle "CBM 023"]
[Source "ChessBase"]
[SourceDate "1991.08.01"]
[SourceVersion "1"]
[SourceVersionDate "1991.08.01"]
[SourceQuality "1"]

1. e4 c5 2. Nf3 d6 3. d4 cxd4 4. Nxd4 Nf6 5. Nc3 a6 6. f4 Nbd7 (6... e5) 7. Be2
e5 8. fxe5 {N} (8. Nf5 {-50/282.}) 8... Nxe5 (8... dxe5 9. Nf5 Qc7 10. O-O Nc5
11. Ng3 Be6 12. Bg5 Ncd7 13. Nh5 Nxh5 14. Bxh5 Bc5+ 15. Kh1 Nb6 $10 {
Wahls-Gelfand,Munchen 1991.}) 9. Bg5 $5 Be7 10. Qd2 O-O 11. O-O Be6 12. Nf5 (
12. Kh1 Qd7 $2 (12... Rc8 $5) 13. Bxf6 Bxf6 14. Rxf6 $1 gxf6 15. Qh6 $40) 12...
Bxf5 13. Rxf5 Rc8 (13... Qd7 $6 14. Rxe5 $2 (14. Bxf6 Bxf6 15. Rxf6 gxf6 16.
Nd5 Qe6 17. Qh6 Nd7 18. Rf1 $16) 14... dxe5 15. Qxd7 Bc5+ $19) 14. Kh1 Qb6 15.
Rb1 Ned7 16. Bd3 (16. Be3 Qd8 17. Rbf1) 16... Rfe8 17. Be3 Qd8 18. Rbf1 Ne5 19.
Bd4 g6 20. R5f4 (20. Bxe5 dxe5 21. R5f3) (20. R5f2 Nfg4 21. Re2 $14) 20... Nfd7
21. Qe2 Bg5 22. R4f2 Nc6 $1 23. Bc4 (23. Be3 Bxe3 24. Qxe3 Nce5) 23... Nxd4 24.
Bxf7+ Kh8 (24... Kg7 25. Qd3 Rf8 26. Qxd4+ Bf6 27. Rxf6 Nxf6 28. Be6 Rc6 29.
Nd5 Rxc2 30. g4 g5 31. h4 h6 32. h5 Re2 33. Qc3 Rxe4 34. Nxf6 Rxf6 35. Rxf6
Qxf6 36. Qc7+ Kf8 37. Qc8+ Ke7 38. Qxb7+ $10) 25. Qd3 Nc6 $6 (25... Ne6 $1 26.
Bxe8 Ne5 27. Qd5 Qxe8 28. Qxb7 Qc6 $15) 26. Bxe8 Qxe8 27. Qxd6 Qe7 $6 (27...
Be7 $15) 28. Qd3 Nde5 (28... Nce5 $5) 29. Qh3 Re8 30. Nd5 Qd6 31. Qc3 Bh6 32.
Rf7 Rf8 33. Rxf8+ (33. h3 $2 Rxf7 34. Rxf7 Bd2 $1) 33... Bxf8 34. Rf6 Qb8 35.
Re6 Bg7 36. Qc5 h5 $2 (36... Qd8 $5 37. Qb6 Qf8 38. Nc7 $10) 37. Nf4 Qd8 38.
Nxg6+ Kh7 39. Nxe5 $2 (39. Nf4 $1 Qd1+ 40. Qg1 Qxc2 (40... Qg4 41. Nh3 $14) 41.
Nxh5 $14) 39... Nxe5 40. h3 (40. Qg1 $6 Qd7 41. Rb6 Ng4) (40. Qd5 Qg5) 40...
Qd1+ 41. Qg1 (41. Kh2 Qd2 $1) 41... Qd7 (41... Qxc2 $6 42. Qe3) 42. Rb6 Nf3 $1
43. Qf1 (43. gxf3 $2 Qxh3+ 44. Qh2 Qf1+ 45. Qg1 Qxg1+ 46. Kxg1 Bd4+ $19) 43...
Qc7 44. Qxf3 Qxb6 45. Qxh5+ Kg8 46. Qd5+ Kf8 47. b3 Qf6 48. Kg1 Qb6+ 49. Kf1
Ke7 50. Ke2 Qc7 51. c4 b6 1/2-1/2